Normal view
MARC view
Entry Geographic Name
001 - CONTROL NUMBER
- control field: 8947
003 - CONTROL NUMBER IDENTIFIER
- control field: ARRUPE
005 - DATE AND TIME OF LATEST TRANSACTION
- control field: 20140225171152.0
008 - FIXED-LENGTH DATA ELEMENTS
- fixed length control field: 140225|| aca||aabn | a|a d
040 ## - CATALOGING SOURCE
- Original cataloging agency: ARRUPE
- Transcribing agency: ARRUPE
151 ## - HEADING--GEOGRAPHIC NAME
- Geographic name: Africa, East.
670 ## - SOURCE DATA FOUND
- Source citation: Work cat.: (ARRUPE)0: Joelson, F. S. (Ferdinand Stephen), 1893-, editor. 8945, Rhodesia and East Africa;, 1958.